John Cusack Movies Quiz Stats

 Plays Quiz Updated Jan 4, 2021

Support Sporcle.
Go Orange.
Score 0/75 Timer 10:00
0 Plays Today
Year Movie Title % Correct
1989Say Anything
72.2%
2000High Fidelity
62.9%
2012The Raven
54.2%
1997Grosse Pointe Blank
53.6%
1984Sixteen Candles
48.9%
1985Better Off Dead
46%
2001Serendipity
43.2%
1997Con Air
41.5%
20092012
33.8%
20071408
31.7%
2013Lee Daniels' The Butler
31%
2005Must Love Dogs
30.8%
2008Igor
29.2%
2003Identity
28.9%
2001America's Sweethearts
28.8%
1986One Crazy Summer
28.2%
1988Eight Men Out
28%
1997Anastasia
27.3%
2003Runaway Jury
27.3%
1999Being John Malkovich
26.9%
2010Hot Tub Time Machine
24.6%
1985The Sure Thing
24.2%
1986Stand By Me
24%
2014Love & Mercy
21.3%
1990The Grifters
21%
1999Pushing Tin
18.6%
2007Martian Child
18.6%
2016Cell
17.6%
1997Midnight in the Garden of Good and Evil
16%
1998The Thin Red Line
15.3%
2002Max
14.9%
2012The Paperboy
14.8%
2013The Frozen Ground
14.8%
2005The Ice Harvest
14.2%
2015Chi-Raq
13.7%
2008War, Inc.
12.6%
1994Bullets Over Broadway
12.2%
2007Grace Is Gone
12.1%
Year Movie Title % Correct
1983Class
11.8%
1996City Hall
11.7%
1999Cradle Will Rock
11.1%
2014The Prince
11%
2014The Bag Man
10.6%
2015Dragon Blade
10.5%
2017Arsenal
10.5%
2014Maps to the Stars
10.4%
2017Singularity
10.3%
2013Adult World
10.2%
2013The Numbers Station
10%
2017Blood Money
9.6%
2014Drive Hard
9.6%
2019Never Grow Old
9.6%
1988Tapeheads
9.5%
2011The Factory
9.2%
2013Grand Piano
9.1%
2018River Runs Red
8.7%
2018Distorted
8.6%
2014Reclaim
8.4%
1987Broadcast News
8.2%
1985The Journey of Natty Gann
7.7%
1991True Colors
7.6%
1987Hot Pursuit
7.6%
1989Fat Man and Little Boy
7.5%
1992Bob Roberts
7.4%
1994The Road to Wellville
7.4%
1993Money for Nothing
7.1%
2006The Contract
7.1%
1992Shadows and Fog
6.6%
1984Grandview, U.S.A.
6%
1998Chicago Cab
5.2%
1992Roadside Prophets
4.6%
1993Map of the Human Heart
4.5%
1999This Is My Father
4.5%
1994Floundering
4.5%
2010Shanghai
3.6%

From the Vault

International Soccer Cup Winners

by imabanana

Sports 8m
This quiz proves that this soccer thing could really catch on around the world.
Remove Ads.
Support Sporcle.
Get the best of Sporcle when you Go Orange. This ad-free experience offers more features, more stats, and more fun while also helping to support Sporcle. Thank you for becoming a member.

Show Comments

Extras

Top Quizzes Today


Score Distribution

Your Account Isn't Verified!

In order to create a playlist on Sporcle, you need to verify the email address you used during registration. Go to your Sporcle Settings to finish the process.

Report this User

Report this user for behavior that violates our Community Guidelines.

Details: